Animal behavior: (Record no. 3259)
[ view plain ]
| 000 -LEADER | |
|---|---|
| fixed length control field | 00688cam6a220021700 4500 |
| 001 - CONTROL NUMBER | |
| control field | qce02085229 |
| 005 - DATE AND TIME OF LATEST TRANSACTION | |
| control field | 20190809120925.0 |
| 008 - FIXED-LENGTH DATA ELEMENTS--GENERAL INFORMATION | |
| fixed length control field | 840307s1984 ja a b 001 0 eng d |
| 020 ## - INTERNATIONAL STANDARD BOOK NUMBER | |
| International Standard Book Number | 4762273880 |
| 020 ## - INTERNATIONAL STANDARD BOOK NUMBER | |
| International Standard Book Number | 3540130462 |
| 020 ## - INTERNATIONAL STANDARD BOOK NUMBER | |
| International Standard Book Number | 0387130462 |
| 035 ## - SYSTEM CONTROL NUMBER | |
| System control number | (Sirsi) r52777 |
| 050 ## - LIBRARY OF CONGRESS CALL NUMBER | |
| Classification number | QL 751 ANI 1984 |
| 245 00 - TITLE STATEMENT | |
| Title | Animal behavior: |
| Remainder of title | neurophysiological and ethological approaches / |
| Statement of responsibility, etc. | edited by Kiyoshi Aoki, Susumu Ishii, and Hiromichi Morita. |
| 260 ## - PUBLICATION, DISTRIBUTION, ETC. | |
| Place of publication, distribution, etc. | Tokyo: |
| Name of publisher, distributor, etc. | Japan Scientific Societies Press, |
| Date of publication, distribution, etc. | 1984 |
| 504 ## - BIBLIOGRAPHY, ETC. NOTE | |
| Bibliography, etc. note | Includes bibliographical references and indexes. |
| 650 #0 - SUBJECT ADDED ENTRY--TOPICAL TERM | |
| Topical term or geographic name entry element | Animal behavior |
| 700 1# - ADDED ENTRY--PERSONAL NAME | |
| Personal name | Aoki, K. |
| 700 1# - ADDED ENTRY--PERSONAL NAME | |
| Personal name | Ishii, S. |
| 700 1# - ADDED ENTRY--PERSONAL NAME | |
| Personal name | Morita, H. |
| Withdrawn status | Lost status | Source of classification or shelving scheme | Damaged status | Not for loan | Home library | Current library | Shelving location | Total Checkouts | Full call number | Barcode | Date last seen | Copy number | Price effective from | Koha item type |
|---|---|---|---|---|---|---|---|---|---|---|---|---|---|---|
| Library of Congress Classification | Vet Medicine Library | Vet Medicine Library | QL 751 ANI 1984 | 33729001651855 | 08/09/2019 | 1 | 08/09/2019 | Book |